NEET Essentials 2020 Biology/ (Record no. 175596)

MARC details
000 -LEADER
fixed length control field 00802nam a22002057a 4500
005 - DATE AND TIME OF LATEST TRANSACTION
control field 20200910123211.0
010 ## - LCCN (DPL NO)
LC control number ENG-128401
020 ## - INTERNATIONAL STANDARD BOOK NUMBER
Terms of availability 400.00
International Standard Book Number 9789353943691
035 ## - SYSTEM CONTROL NUMBER
System control number EN-111933
037 ## - SOURCE OF ACQUISITION
Source of stock number/acquisition DBAD/PUB
082 ## - DEWEY DECIMAL CLASSIFICATION NUMBER
Classification number 570
245 ## - TITLE STATEMENT
Title NEET Essentials 2020 Biology/
Statement of responsibility, etc Edited by Biswajit Das, Narmada Kaushal and Ashi Jain
260 ## - PUBLICATION, DISTRIBUTION, ETC. (IMPRINT)
Place of publication, distribution, etc Noida
Name of publisher, distributor, etc Pearson
Date of publication, distribution, etc 2020
270 ## - ADDRESS
Address 15th floor,Tower-B,Word Trade Tower,Plot no.1,Block-C sec 16,
City Noida
Postal code 201301
Telephone number 04466540100
Electronic mail address companysecretary.india@pearson.com
300 ## - PHYSICAL DESCRIPTION
Extent x; Various pages.
Dimensions 25cm(pbk)
Other physical details Pictures, Illustrations and Tables
700 ## - ADDED ENTRY--PERSONAL NAME
Personal name Senior Editor-Acquisitions- Biswajit Das
700 ## - ADDED ENTRY--PERSONAL NAME
Personal name Development Editor- Narmada Kaushal
700 ## - ADDED ENTRY--PERSONAL NAME
Personal name Assitant Editor-Production- Ashi Jain
942 ## - ADDED ENTRY ELEMENTS (KOHA)
Source of classification or shelving scheme Dewey Decimal Classification
Item type English Books
Classification part 570
Call number suffix NEE
Holdings
Withdrawn status Lost status Not for loan Collection code Home library Current library Date acquired Source of acquisition Cost, normal purchase price Full call number Barcode Cost, replacement price Koha item type
    Not For Loan Non-fiction D.B.Act.Division D.B.Act.Division 10/09/2020 DBAD/PUB 400.00 570 NEE EN-111933 400.00 English Books

© Delhi Public Library
Hit Counter
free hit counter